[Event "Rilton Cup 9899"]
[Site "Stockholm"]
[Date "1998.12.28"]
[Round "1"]
[White "Agrest, Evgenij"]
[Black "Wikstrom, Per"]
[Result "1-0"]
[WhiteElo "2545"]
[BlackElo "2195"]

1.c4 c6 2.Nf3 d5 3.e3 Nf6 4.Nc3 e6 5.b3 Bd6 6.Bb2 O-O 7.d4 Nbd7 8.Bd3 Re8
9.cxd5 exd5 10.Qc2 Qe7 11.Nd2 Nf8 12.O-O-O b5 13.Kb1 a5 14.e4 b4 15.e5 bxc3
16.exd6 Qxd6 17.Qxc3 Ng4 18.Rdf1 Ng6 19.g3 Bd7 20.h3 Nh6 21.Nf3 a4 22.Ne5 axb3
23.axb3 Nxe5 24.dxe5 Qf8 25.Rc1 Reb8 26.g4 Rb6 27.Rhd1 Be6 28.Bc2 c5 29.Qf3 c4
30.Rxd5 cxb3 31.Be4 Rba6 32.Rd6 R8a7 33.Qd3 Rxd6 34.exd6 Qd8 35.Qd4 Ra1+
36.Bxa1  1-0

[Event "Givataim international"]
[Site "Givataim"]
[Date "1998.12.??"]
[Round "2"]
[White "Greenfeld, Alon"]
[Black "Kundin, Alexander"]
[Result "1-0"]
[WhiteElo "2540"]
[BlackElo "2425"]

1.c4 c6 2.e4 d5 3.exd5 cxd5 4.d4 Nf6 5.Nc3 e6 6.Nf3 Bb4 7.Bd3 dxc4 8.Bxc4 O-O
9.O-O Nbd7 10.Bg5 Bxc3 11.bxc3 b6 12.Bd3 Bb7 13.c4 Qc7 14.Re1 Rac8 15.a4 Rfe8
16.a5 bxa5 17.Bh4 Ba6 18.Qd2 Qb7 19.Rec1 Nb6 20.Bxf6 gxf6 21.Qh6 f5 22.Ne5 Nd7
23.Be4 fxe4 24.Ra3 Nf8 25.Rg3+ Ng6 26.h4 Qe7 27.h5 Qf8 28.Qf4 Red8 29.hxg6 fxg6
30.Qxe4 Qf5 31.Qe3 Bb7 32.Qh6 Be4 33.f3 Rxd4 34.Nxg6 hxg6 35.fxe4 Qxe4 36.Rxg6+ Kf7
37.Qh7+  1-0

[Event "AUT-chT2O 9798"]
[Site "Austria"]
[Date "1998.??.17"]
[Round "8"]
[White "Heimberger, Reinhard"]
[Black "Koutsin, Sergey"]
[Result "1/2-1/2"]
[WhiteElo "2260"]
[BlackElo "2440"]

1.c4 c6 2.Nc3 d5 3.cxd5 cxd5 4.d4 Nf6 5.Nf3 Nc6 6.g3 e6 7.Bg2 Be7 8.O-O O-O
9.b3 b6 10.Bb2 Bb7 11.e3 Rc8 12.Rc1 Ba6 13.Re1 Nb4 14.Bf1 Bxf1 15.Rxf1 Qd7
16.a3 Nc6 17.Qd3 Na5 18.Ne2 Qb7 19.Rxc8 Rxc8 20.Rc1 Ne4 21.Rxc8+ Qxc8 22.Ne1 Qc6
23.Nc2 b5 24.Nc1 Nb7 25.f3 Nf6 26.Qc3 Qxc3 27.Bxc3 Kf8  1/2-1/2

[Event "UKR-chT"]
[Site "Alushta"]
[Date "1998.??.??"]
[Round "?"]
[White "Khomyakov, Vladimir"]
[Black "Shemeakin, Alexander"]
[Result "0-1"]
[WhiteElo "2340"]
[BlackElo "2325"]

1.c4 c6 2.d4 d5 3.Nf3 Nf6 4.Nc3 a6 5.Ne5 Nbd7 6.Bf4 e6 7.e3 Nxe5 8.dxe5 Nd7
9.cxd5 cxd5 10.Be2 g5 11.Bg3 Bg7 12.f4 O-O 13.Qd4 Nb8 14.O-O Nc6 15.Qd2 b5
16.Rad1 Ra7 17.Bd3 f5 18.exf6 Qxf6 19.e4 b4 20.Na4 Raf7 21.e5 Qe7 22.fxg5 Rxf1+
23.Rxf1 Nxe5 24.Rxf8+ Qxf8 25.Bc2 Bd7 26.h3 Qe7 27.b3 Bb5 28.Bf2 Nc6 29.Nc5 Bc3
30.Qf4 e5 31.Qf3 e4 32.Qf5 Ne5 33.Qc8+ Kf7 34.Qf5+ Kg8 35.Qc8+ Qf8 36.Qe6+ Qf7
37.Qc8+ Qf8 38.Qe6+ Qf7 39.Qc8+ Qe8 40.Qb7 Bc6 41.Qxa6 Ng6 42.Qe2 Qe5 43.g3 Qxg5
44.h4 Nxh4 45.Ne6  0-1

[Event "AUT-chT 9899"]
[Site "AUT"]
[Date "1998.??.??"]
[Round "?"]
[White "Schroll, Gerhard"]
[Black "Duer, Werner"]
[Result "1-0"]
[WhiteElo "2395"]
[BlackElo "2320"]

1.c4 c6 2.Nc3 d5 3.e3 e5 4.Nf3 e4 5.Nd4 Nf6 6.cxd5 cxd5 7.d3 exd3 8.Bxd3 Nc6
9.Nxc6 bxc6 10.e4 Be7 11.exd5 cxd5 12.Bb5+ Bd7 13.Qa4 O-O 14.Bxd7 Nxd7 15.Nxd5 Nb6
16.Nxb6 Qxb6 17.O-O Bc5 18.b3 Rfe8 19.Ba3 Bd4 20.Rad1 Rad8 21.Rd2 Re4 22.Kh1 Rde8
23.f3 Re1 24.Rd1 Rxf1+ 25.Rxf1 Re6 26.Rd1 Bf6 27.Qb4 Qxb4 28.Bxb4 h5 29.g3 h4
30.Rd2 h3 31.Kg1 Re1+ 32.Kf2 Rh1 33.Ke3 Re1+ 34.Kf4 Rf1 35.Kg4 g5 36.Bc5 a6
37.Be3 Kg7 38.Bxg5 Bxg5 39.Kxg5 Rxf3 40.Kg4 Rc3 41.Kxh3 f6 42.Rd7+ Kg6 43.Ra7 Rc6
44.Kg4 Rb6 45.h4 f5+ 46.Kf4 Rb4+ 47.Kf3 Rb6 48.g4 fxg4+ 49.Kxg4  1-0

[Event "Bayern-ch Bank Hofmann 2nd"]
[Site "Bad Wiesse"]
[Date "1998.??.??"]
[Round "2"]
[White "Urban, Rudolf"]
[Black "Hermann, M."]
[Result "0-1"]
[WhiteElo "2130"]
[BlackElo "2355"]

1.c4 c6 2.Nc3 d5 3.cxd5 cxd5 4.d4 Nf6 5.e3 Nc6 6.Bd3 e5 7.Bb5 e4 8.Nge2 Bd6
9.Nf4 O-O 10.O-O Qb6 11.g3 Bxf4 12.gxf4 Bh3 13.Re1 Ne7 14.Kh1 Ng4 15.Qd2 Qh6
16.Rg1 Nxh2  0-1

[Event "Bayern-ch Bank Hofmann 2nd"]
[Site "Bad Wiesse"]
[Date "1998.??.??"]
[Round "4"]
[White "Bunzmann, Dimitrij"]
[Black "Graf, Christian"]
[Result "1-0"]
[WhiteElo "2455"]
[BlackElo "2240"]

1.c4 c6 2.Nc3 d5 3.d4 Nf6 4.cxd5 cxd5 5.Bf4 Nc6 6.e3 Bf5 7.Qb3 Qb6 8.Qxb6 axb6
9.Bb5 e6 10.Nf3 Nd7 11.Ne5 Ndxe5 12.Bxe5 Bb4 13.Bc7 Ba5 14.Kd2 O-O 15.Rhc1 Rfc8
16.Bd6 h6 17.a3 Bxc3+ 18.Rxc3 Na7 19.Be2 Rxc3 20.bxc3 Rc8 21.Ra2 Ra8 22.Bc7 Nc8
23.Bb5 Kf8 24.a4 Ke7 25.Rb2 f6 26.f3 Bg6 27.Rb4 h5 28.Be2 Be8 29.Bxb6 Nxb6
30.Rxb6 Ra7 31.Bd1 Bxa4 32.Bxa4 Rxa4 33.Rxb7+ Kf8 34.Rb2 Ra1 35.Kd3 Rd1+
36.Rd2 Re1 37.e4 f5 38.Re2 fxe4+ 39.fxe4 dxe4+ 40.Rxe4 Rg1 41.Rxe6 Rxg2 42.Re2 Rg1
43.h4 Kf7 44.c4 Rd1+ 45.Ke4 Ke6 46.Kf4+ Kd6 47.Re4 Rg1 48.Kf5 g6+ 49.Kf4 Rh1
50.Kg3 Rg1+ 51.Kf2 Rh1 52.Rf4 Rc1 53.Rf6+ Ke7 54.Rc6 Kd7 55.d5 Rc3 56.c5 Rc4
57.Ke3 Rc1 58.Kd4 Rd1+ 59.Ke5 Rc1 60.Kf6 Rc4 61.Kxg6 Rxh4 62.Kg5 Rh1 63.Rh6 h4
64.c6+ Kc7 65.Rxh4 Rg1+ 66.Kf6 Kd6 67.Rh5 Rf1+ 68.Rf5 Rc1 69.Kg7 Ra1 70.Kg8 Rc1
71.Kf8 Re1 72.Rf7 Kxd5 73.c7 Rc1 74.Ke8 Kd6 75.Rd7+ Ke6 76.Kd8  1-0

[Event "Bayern-ch Bank Hofmann 2nd"]
[Site "Bad Wiesse"]
[Date "1998.??.??"]
[Round "5"]
[White "Dittmar, Peter"]
[Black "Schneider, Henning"]
[Result "1-0"]
[WhiteElo "2305"]
[BlackElo "2185"]

1.c4 c6 2.Nf3 d5 3.e3 Nf6 4.Nc3 e6 5.b3 Bd6 6.Bb2 O-O 7.Qc2 Nbd7 8.Be2 Re8
9.cxd5 Nxd5 10.Ne4 Be7 11.h4 N7f6 12.Neg5 h6 13.Ne5 hxg5 14.hxg5 Qa5 15.g6 fxg6
16.Qxg6 Rf8 17.Ng4  1-0

[Event "Bayern-ch Bank Hofmann 2nd"]
[Site "Bad Wiesse"]
[Date "1998.??.??"]
[Round "6"]
[White "Laqua, Christian"]
[Black "Biebinger, Gerhard"]
[Result "1/2-1/2"]
[WhiteElo "2215"]
[BlackElo "2335"]

1.c4 c6 2.Nf3 d5 3.b3 Nf6 4.Bb2 Bf5 5.g3 e6 6.Bg2 h6 7.O-O Be7 8.d3 O-O 9.Nbd2 a5
10.Qc2 Nbd7 11.Bc3 Bh7 12.a3 b5 13.cxb5 cxb5 14.b4 axb4 15.Bxb4 Bxb4 16.axb4 Qe7
17.Qb3  1/2-1/2

[Event "Hessen-ch"]
[Site "Bad Wildungen"]
[Date "1998.??.??"]
[Round "2"]
[White "Solonar, Stephan"]
[Black "Marchio, Enrico"]
[Result "0-1"]
[WhiteElo "2315"]
[BlackElo "2280"]

1.c4 c6 2.e4 e5 3.Nf3 d6 4.d4 Nd7 5.Nc3 Ngf6 6.Be2 Be7 7.O-O O-O 8.Qc2 Re8
9.Rd1 Qc7 10.Bg5 Nf8 11.d5 h6 12.Bd2 Ng6 13.h3 Nh7 14.b4 Ng5 15.Nxg5 hxg5
16.Bg4 Nf4 17.Kh2 g6 18.g3 Nh5 19.Qc1 Nf6 20.Bxc8 Raxc8 21.Bxg5 Qb6 22.Qb2 Ng4+
23.hxg4 Bxg5 24.dxc6 Rxc6 25.Nd5 Qd8 26.c5 dxc5 27.b5 Rd6 28.Qc2 b6 29.a4 Qd7
30.f3 Kg7 31.Kg2 Rh8 32.Rh1 Rxh1 33.Rxh1 Qe6 34.Rd1 Rd7 35.Qd3 Qd6 36.Qc3 Qe6
37.f4 Qxg4 38.Ne3 Qe2+ 39.Kh3 Qh5+ 40.Kg2 Qe2+ 41.Kh3 Rxd1 42.Nxd1 Qxd1 43.fxg5 Qh1+  0-1

[Event "Bad Woerishofen op"]
[Site "Bad Woerishofen"]
[Date "1998.??.??"]
[Round "9"]
[White "Bischoff, Klaus"]
[Black "Heinbuch, Detlef"]
[Result "1-0"]
[WhiteElo "2545"]
[BlackElo "2365"]

1.c4 c6 2.Nf3 d5 3.e3 e6 4.b3 Nf6 5.Bb2 Be7 6.d4 Ne4 7.Nbd2 f5 8.Be2 Nd7
9.O-O O-O 10.Ne1 Bd6 11.Ndf3 a6 12.Nd3 Ng5 13.Nfe5 Nf7 14.Qc2 Qc7 15.Qc3 Nf6
16.Rfc1 Bd7 17.f3 Rfc8 18.Qe1 Be8 19.Rc2 Qe7 20.Rac1 Nd7 21.Bf1 Bc7 22.Nxd7 Bxd7
23.e4 fxe4 24.fxe4 dxc4 25.bxc4 e5 26.d5 c5 27.Kh1 Bd6 28.Bc3 b5 29.Ba5 Rab8
30.a3 Rb7 31.h3 h6 32.Bd2 Rbc7 33.Be3 Nd8 34.Qa5 bxc4 35.Nb2 Bb5 36.Qe1 c3
37.Rxc3 c4 38.Nxc4 Bxc4 39.Rxc4 Bxa3 40.Rxc7 Rxc7 41.Rxc7 Qxc7 42.Bxa6 Nf7
43.Bf2 Nd6 44.Bd3 Qc1 45.Qxc1 Bxc1 46.Bc5 Nb7 47.Bb4 Be3 48.Kh2 Kf7 49.Kg3 Bc5
50.Bc3 Kf6 51.Kg4 Nd6 52.Bd2 Nf7 53.Bc2 Ng5 54.h4 Nf7 55.Kf3 Nd6 56.Bd3 Nf7
57.Ba5 Be7 58.Bb6 Kg6 59.g3 Kf6 60.Bf1 Nd6 61.Ba5 Kf7 62.Ke3 Ne8 63.Bb6 Bd6
64.Kd3 Nf6 65.Bh3 Ke7 66.Bf5 Nh5 67.Bf2 Nf6 68.g4 Ne8 69.Kc4 Ba3 70.Be3 Kd6
71.g5 hxg5 72.Bxg5 Kc7 73.h5 Nd6+ 74.Kd3 Nf7 75.Be3 Be7 76.Bg6 Nh6 77.Ke2 Kd7
78.Kf3 Bd6 79.Bf5+ Ke8 80.Be6  1-0

[Event "Stadtcasino op 3rd"]
[Site "Baden"]
[Date "1998.??.??"]
[Round "5"]
[White "Milov, Vadim"]
[Black "Khenkin, Igor"]
[Result "1/2-1/2"]
[WhiteElo "2635"]
[BlackElo "2565"]

1.c4 c6 2.d4 d5 3.Nc3 Nf6 4.cxd5 cxd5 5.Bf4 Nc6 6.Nf3 Ne4 7.e3 Nxc3 8.bxc3 g6
9.Ne5 Bg7 10.Nxc6 bxc6 11.Qa4 O-O 12.Bd3 Bd7 13.O-O c5 14.Qa3 c4 15.Bc2 Re8
16.Qc5 e6 17.Bc7 Bf8 18.Qxf8+ Kxf8 19.Bxd8 Rexd8 20.Rfb1 Rdb8 21.e4 Rb6 22.a3 Rab8
23.Rb4 a5 24.Rxb6 Rxb6 25.Rb1 Rxb1+ 26.Bxb1 Ba4 27.exd5 exd5 28.h4 f5 29.f3 f4
30.g3 fxg3 31.Kg2 Kg7 32.Kxg3 h6 33.Kg4  1/2-1/2

[Event "Baunatal op 4th"]
[Site "Baunatal"]
[Date "1998.??.??"]
[Round "5"]
[White "Czech, Ludwig"]
[Black "Metz, Hartmut"]
[Result "1/2-1/2"]
[WhiteElo "2160"]
[BlackElo "2285"]

1.c4 c6 2.d4 d5 3.cxd5 cxd5 4.Nc3 Nf6 5.Bf4 Nc6 6.Nf3 a6 7.e3 Bg4 8.h3 Bxf3
9.Qxf3 Qb6 10.Qe2 e6 11.f3 Be7 12.g4 Nd7 13.Kf2 h5 14.Kg2 Na5 15.Qd2 hxg4
16.hxg4 Rxh1 17.Kxh1 Rc8 18.Rc1 Nc4 19.Bxc4 Rxc4 20.b3 Rc6 21.Ne2 Nf8 22.Kg2 Kd7
23.Rxc6 Qxc6 24.Qc1 Ng6 25.Bg3 Bb4 26.Kf2 Ne7 27.Qxc6+ Nxc6 28.Nc1 f6 29.Nd3 Be7
30.Ke2 Nb4 31.Nxb4 Bxb4 32.Be1 Be7 33.Kd3 Kc6 34.Bd2 Kb5 35.Bc3 Ba3 36.Kc2 g6
37.Bb2 Bd6 38.Bc3 f5 39.Kd3 Ba3 40.Kc2 Be7 41.Be1 Ba3 42.Bc3 b6 43.Be1 a5
44.Bh4 fxg4 45.fxg4 a4 46.Bd8 axb3+ 47.axb3 Bb4 48.Kd3 Kc6 49.Kc2 b5 50.Bh4 Kd7
51.Kd3 Ba5 52.Bg3 Bd8 53.Be1 Be7 54.Bg3 Bg5 55.Be1 Be7  1/2-1/2

[Event "Regionalliga NO9798"]
[Site "Bayern"]
[Date "1998.??.??"]
[Round "?"]
[White "Schatz, Christian"]
[Black "Roeder, Gerd"]
[Result "0-1"]
[WhiteElo "2170"]
[BlackElo "2245"]

1.c4 c6 2.d4 d5 3.cxd5 cxd5 4.Nc3 Nf6 5.Nf3 Nc6 6.Bf4 e6 7.e3 Bb4 8.Bd3 Qa5
9.Qb3 b6 10.O-O Ba6 11.Bxa6 Qxa6 12.Rac1 Rc8 13.Qa4 Qxa4 14.Nxa4 Kd7 15.a3 Bd6
16.Bxd6 Kxd6 17.Rc2 Ne4 18.Rfc1 f6 19.Nc3 Nxc3 20.Rxc3 Ne7 21.Kf1 Rxc3 22.Rxc3 Rc8
23.Rxc8 Nxc8 24.Ke2 Kc6 25.Kd3 Nd6 26.Nd2 Kb5 27.b3 a5 28.f3 a4 29.b4 Kc6
30.e4 b5 31.Ke3 dxe4 32.fxe4 f5 33.exf5 exf5 34.Kd3 Kd5 35.g3 g6 36.Nf1 Nc4
37.Ne3+ Nxe3 38.Kxe3 Kc4 39.h4 h6 40.Kf4 Kxd4 41.h5 gxh5 42.Kxf5 Kc3 43.Kg6 Kb3
44.Kxh5 Kxa3 45.Kxh6 Kxb4 46.g4 a3 47.g5 a2 48.g6 a1=Q 49.g7 Qxg7+  0-1

[Event "Regionalliga NO9798"]
[Site "Bayern"]
[Date "1998.??.??"]
[Round "?"]
[White "Kotissek, Philipp"]
[Black "Roeder, Frank"]
[Result "1/2-1/2"]
[WhiteElo "2115"]
[BlackElo "2220"]

1.c4 c6 2.Nf3 d5 3.b3 f6 4.d4 Bg4 5.Bb2 e6 6.e3 Bb4+ 7.Nbd2 Nd7 8.Be2 f5
9.O-O Ngf6 10.Rc1 Qe7 11.Ne5 Bxe2 12.Qxe2 O-O 13.Nd3 a5 14.Nf3 Bd6 15.Nfe5 Bxe5
16.dxe5 Ne4 17.f3 Ng5 18.Rfd1 Rfd8 19.Qe1 a4 20.b4 dxc4 21.Rxc4 Nb6 22.Rc2  1/2-1/2

[Event "Regionalliga NO9899"]
[Site "Bayern"]
[Date "1998.??.??"]
[Round "?"]
[White "Goetz, Dieter"]
[Black "Bartha, Sandor"]
[Result "0-1"]
[WhiteElo "1985"]
[BlackElo "2195"]

1.c4 c6 2.Nc3 d5 3.cxd5 cxd5 4.d4 Nf6 5.Nf3 Nc6 6.Bf4 e6 7.e3 Be7 8.a3 a6
9.Bd3 O-O 10.O-O b5 11.Rc1 Bb7 12.Nd2 Na5 13.Bb1 Rc8 14.Be5 g6 15.f4 Ne4
16.Ndxe4 dxe4 17.d5 exd5 18.Ba2 Nc4 19.Bxc4 dxc4 20.Qe2 Qb6 21.Bd4 Bc5 22.Rcd1 Rcd8
23.Qf2 Bxd4 24.exd4 f5 25.Qe3 a5 26.Ne2 b4 27.axb4 axb4 28.Rc1 Ba6 29.Rfd1 Rc8
30.Rc2 Rfd8 31.Kh1 Rd7 32.g4 c3 33.Nc1 Rdc7 34.b3 Re8 35.gxf5 gxf5 36.Rg1+ Rg7
37.Rxg7+ Kxg7 38.Rg2+ Kh8 39.Qg3 Qxd4 40.Qg5 e3 41.Qh5 Rd8 42.Qf7 Qd1+ 43.Rg1 Qf3+  0-1

[Event "Regionalliga SO9798"]
[Site "Bayern"]
[Date "1998.??.??"]
[Round "?"]
[White "Gschwendtner, Stanislav"]
[Black "Wagner, Hans"]
[Result "1/2-1/2"]
[WhiteElo "2045"]
[BlackElo "2135"]

1.c4 c6 2.Nf3 Nf6 3.g3 d5 4.Bg2 g6 5.b3 Bg7 6.Bb2 Qb6 7.cxd5 Ne4 8.d4 cxd5
9.O-O Nc6 10.Nc3 Nxc3 11.Bxc3 O-O 12.Qd2 e6 13.Rfc1 Bd7 14.Rc2 Rfc8 15.Rac1 Bf8
16.Ne5 Qd8 17.Nd3 Ba3 18.Bb2 Bxb2 19.Nxb2 b6 20.e4 Ne7 21.f3 Rxc2 22.Rxc2 Rc8
23.Nd3 Rxc2 24.Qxc2 Bb5 25.Qc3 Bxd3 26.Qxd3 Qc7 27.Qd2 Kg7 28.e5 Nc6 29.Bf1 Na5
30.Bb5 Nb7 31.g4 f6 32.f4 fxe5 33.fxe5 Qe7 34.Qf2 Qg5 35.Be2 Qe7 36.h4 h6
37.Bd3 Nd8 38.Kg2 g5 39.h5 Qf8 40.Qe3 Nc6 41.Bb1 Kf7 42.Qc3 Ne7 43.Qc7 Kg8
44.Bg6 Kh8 45.Qd7 Qf4 46.Qxe7 Qxg4+ 47.Kf1 Qd1+ 48.Kf2 Qd2+ 49.Kf3 g4+ 50.Kg3 Qe3+
51.Kxg4 Qe2+ 52.Kg3 Qe3+  1/2-1/2

[Event "Regionalliga NW9899"]
[Site "Bayern"]
[Date "1998.??.??"]
[Round "?"]
[White "Kolin, Julius"]
[Black "Lang, James"]
[Result "1/2-1/2"]
[WhiteElo "2135"]
[BlackElo "2105"]

1.c4 c6 2.e4 d5 3.exd5 cxd5 4.d4 Nf6 5.Nc3 e6 6.c5 Be7 7.Nf3 Ne4 8.Bd3 f5
9.Ne5 O-O 10.O-O Bf6 11.Bxe4 fxe4 12.f4 Nc6 13.Be3 Bxe5 14.fxe5 Rxf1+ 15.Qxf1 Nb4
16.Qe2 a6 17.Rf1 Bd7 18.Qg4 Qe8 19.a3 Nd3 20.b3 Qg6 21.Qxg6 hxg6 22.h4 Rf8
23.Rxf8+ Kxf8 24.Kf1 Ke8 25.Ke2 Bb5 26.Kd2 Bc6 27.g3 Kd7 28.Nd1 Bb5 29.Bf2 Ke8
30.Be1 Kd7 31.Ne3 Ke8 32.g4 Kd8 33.Bg3 Ke7 34.Nc2 Kd8 35.Ne3 Ke7 36.Ng2 Kd8
37.Be1 Kc8 38.g5 Kd8 39.Bg3 Ke7 40.Ne3 Kd8 41.Nd1 Kc7 42.Nc3 Bc6 43.Ne2 Be8
44.Bf4 Kd8 45.Be3 Kc7  1/2-1/2

[Event "Regionalliga NW9899"]
[Site "Bayern"]
[Date "1998.??.??"]
[Round "?"]
[White "Lodes, Hermann"]
[Black "Gehlert, Klaus"]
[Result "1-0"]
[WhiteElo "2140"]
[BlackElo "2070"]

1.c4 c6 2.e4 d5 3.exd5 cxd5 4.cxd5 Nf6 5.Bb5+ Bd7 6.Bc4 g6 7.Nc3 Bg7 8.h3 O-O
9.Nf3 a6 10.a4 Qa5 11.Ra2 Bf5 12.Qe2 Nbd7 13.g4 Nxg4 14.hxg4 Bxg4 15.Qe3 Nb6
16.Bb3 Qb4 17.Ra3 Rac8 18.Ne5 Bxe5 19.Qxe5 Rfe8 20.Rh4 Nc4 21.Qd4 h5 22.d3 e5
23.dxe6 Rxe6+ 24.Be3 Qe7 25.Bxc4 Rxc4 26.dxc4 Qxh4 27.Rb3 Qh1+ 28.Kd2 Qf3
29.Rb6 Re8 30.Rd6 Kh7 31.Qf4 Qxf4 32.Bxf4 h4 33.Rd4 f5 34.Rd7+ Kg8 35.Rxb7 h3
36.Nd5 Re2+ 37.Kc3 Rxf2 38.Bd6  1-0

[Event "Regionalliga SO9899"]
[Site "Bayern"]
[Date "1998.??.??"]
[Round "?"]
[White "Kunze, Holger"]
[Black "Schweiger, Georg"]
[Result "1-0"]
[WhiteElo "2095"]
[BlackElo "2155"]

1.c4 c6 2.d4 d5 3.Nf3 Nf6 4.Nc3 dxc4 5.a4 Na6 6.e4 Bg4 7.Bxc4 Bxf3 8.gxf3 e6
9.Bf4 Nb4 10.Rc1 Be7 11.Qd2 Qa5 12.Rg1 h6 13.Be5 Rg8 14.Ke2 g5 15.h4 Nd7
16.Bh2 Nb6 17.Bd3 Nxd3 18.Qxd3 Nxa4 19.Ra1 Nxc3+ 20.bxc3 Qd8 21.hxg5 hxg5
22.Qb1 b6 23.Ra6 Rh8 24.Be5 Bf6 25.Bg3 Qd7 26.Rd1 Kf8 27.Qa2 Kg7 28.Rg1 Kf8
29.Rxb6 c5 30.Rd6 Qb5+ 31.c4 Qb4 32.Rb1 Qc3 33.dxc5 Kg7 34.Rd3 Rhd8 35.Rxc3 Bxc3
36.Rd1 Rxd1 37.Kxd1 Rd8+ 38.Bd6  1-0

[Event "Regionalliga NW9798"]
[Site "Bayern"]
[Date "1998.??.??"]
[Round "?"]
[White "Ruetzel, Wolfgang"]
[Black "Wambach, Juergen"]
[Result "0-1"]
[WhiteElo "2045"]
[BlackElo "1980"]

1.c4 c6 2.Nf3 d5 3.b3 Nf6 4.g3 Bf5 5.Bg2 Nbd7 6.Bb2 e6 7.O-O Bd6 8.d3 h6
9.Nbd2 Qc7 10.Rc1 O-O 11.Re1 Bh7 12.e4 dxe4 13.dxe4 e5 14.Nh4 Rad8 15.Qc2 Bb4
16.Bc3 Bxc3 17.Qxc3 Nc5 18.Re3 Ng4 19.Re2 Rd3 20.Qc2 Rfd8 21.Nf1 Nf6 22.f3 Qa5
23.Nf5 Nfd7 24.Qb1 Qb4 25.Rd1 Nf8 26.Rxd3 Rxd3 27.Qe1 Qb6 28.Qf2 Nfe6 29.Rd2 Bxf5
30.exf5 Nd4 31.g4 Rxd2 32.Nxd2 Nd3 33.c5 Qxc5 34.Ne4 Qb6 35.Qf1 Ne2+ 36.Kh1 Qe3
37.Qd1 Qxe4  0-1

[Event "Regionalliga NW9798"]
[Site "Bayern"]
[Date "1998.??.??"]
[Round "?"]
[White "Wagner, Norbert"]
[Black "Dorst, Joachim"]
[Result "1-0"]
[WhiteElo "1950"]
[BlackElo "1810"]

1.c4 c6 2.Nf3 g6 3.g3 Bg7 4.Bg2 d6 5.d4 Bf5 6.Nc3 Nf6 7.O-O Qd7 8.Nh4 Bh3
9.e4 Bxg2 10.Kxg2 Qe6 11.d5 cxd5 12.exd5 Qd7 13.Re1 O-O 14.Nb5 a6 15.Nc3 Rc8
16.Na4 Qd8 17.Qe2 Kf8 18.Be3 Nbd7 19.Rac1 Rab8 20.Nc3 Nc5 21.f3 Qd7 22.b4 Na4
23.Nxa4 Qxa4 24.Ba7 Ra8 25.Qxe7+ Kg8 26.Bd4 Nxd5 27.cxd5 Rxc1 28.Rxc1 Bxd4
29.Qxb7 Qxa2+ 30.Kh3 Re8 31.Rc8 Rxc8 32.Qxc8+ Kg7 33.Qc6 Qa1 34.Ng2 Qb1 35.Nf4 Qf5+
36.Kg2 g5 37.Nh5+ Kg6 38.Qxd6+ f6 39.g4 Be5 40.gxf5+  1-0

[Event "Oberliga Bayern9899"]
[Site "Bayern"]
[Date "1998.??.??"]
[Round "?"]
[White "Straub, Juergen"]
[Black "Rodewis, Thomas"]
[Result "0-1"]
[WhiteElo "2195"]
[BlackElo "2175"]

1.c4 c6 2.Nc3 d5 3.d4 Nf6 4.Bg5 dxc4 5.e4 b5 6.e5 Nd5 7.Nge2 Na6 8.Ne4 f6
9.Bd2 Ndb4 10.Bxb4 Nxb4 11.Nc5 Bf5 12.g4 Bxg4 13.Bg2 e6 14.exf6 Bxc5 15.fxg7 Rg8
16.Kf1 Bxd4 17.f3 Nd3  0-1

[Event "Oberliga Bayern9899"]
[Site "Bayern"]
[Date "1998.??.??"]
[Round "?"]
[White "Schuette, Manfred"]
[Black "Kaplan, Hakan"]
[Result "0-1"]
[WhiteElo "2210"]
[BlackElo "2075"]

1.c4 c6 2.Nf3 d6 3.d4 Nd7 4.Nc3 Ngf6 5.g3 e5 6.Bg2 Be7 7.e4 Qc7 8.O-O Nf8
9.h3 Ng6 10.Be3 O-O 11.Rc1 b6 12.b4 a5 13.bxa5 bxa5 14.Rb1 Ba6 15.Qa4 d5
16.Nd2 Bb4 17.Rfc1 c5 18.Bg5 Bxc3 19.Rxc3 cxd4 20.Rcc1 dxc4 21.Nxc4 Qd7 22.Qa3 Qe6
23.Nb6 Rab8 24.Nd5 Rxb1 25.Rxb1 Nxd5 26.exd5 Qf5 27.Qc1 Rc8  0-1

[Event "Oberliga Bayern9798"]
[Site "Bayern"]
[Date "1998.??.??"]
[Round "?"]
[White "Beim, Valery"]
[Black "Bachmayer, Peter"]
[Result "1-0"]
[WhiteElo "2510"]
[BlackElo "2300"]

1.c4 c6 2.e4 d5 3.exd5 cxd5 4.cxd5 Nf6 5.Nc3 Nxd5 6.Nf3 Nc6 7.Bb5 Nxc3 8.bxc3 e6
9.O-O Be7 10.d4 O-O 11.Qe2 Bd7 12.Bf4 Rc8 13.Bd3 Na5 14.Rac1 Bc6 15.Ne5 Bf6
16.Rfd1 Qd5 17.f3 Bxe5 18.Bxe5 Ba4 19.Re1 Nc4 20.Bg3 Bb5 21.Qf2 a6 22.Bf4 f5
23.Bc2 Na3 24.Bd1 Bc4 25.Qb2 Nb5 26.a4 Na7 27.Qb6 Ra8 28.Re5 Qc6 29.Qxc6 Nxc6
30.Rc5 Bd3 31.Bb3 Rfe8 32.Rd1  1-0

[Event "Landesliga Nord 9899"]
[Site "Bayern"]
[Date "1998.??.??"]
[Round "?"]
[White "Weigert, Wilhelm"]
[Black "Smekal, Ralf"]
[Result "1-0"]
[WhiteElo "2045"]
[BlackElo "2015"]

1.c4 c6 2.e4 d5 3.cxd5 cxd5 4.exd5 Nf6 5.Nc3 Nxd5 6.d4 e6 7.Nf3 Nc6 8.Bd3 Be7
9.O-O O-O 10.Re1 a6 11.Ne4 b5 12.Bd2 Bb7 13.Rc1 Ndb4 14.Bxb4 Nxb4 15.Bb1 Rc8
16.Rxc8 Qxc8 17.a3 Nd5 18.Neg5 g6 19.h4 Qd8 20.Qd2 Nf6 21.Ne5 Bd5 22.Re3 Nh5
23.Rh3 Bxg5 24.hxg5 f5 25.f4 Qe7 26.Bd3 Qa7 27.Be2 Ng7 28.Rc3 Rd8 29.Rc5 Bxg2
30.Qc3 Bb7 31.Bd1 Qb6 32.Bb3 Qd6 33.Rc7 Be4 34.d5 Bxd5 35.Rxg7+ Kxg7 36.Nc4+ Kf8
37.Nxd6 Rxd6 38.Qc7 Rc6 39.Qd8+ Kf7 40.Bxd5 exd5 41.Qd7+  1-0

[Event "Regionalliga NW9899"]
[Site "Bayern"]
[Date "1998.??.??"]
[Round "?"]
[White "Ruetzel, Wolfgang"]
[Black "Wambach, Juergen"]
[Result "1-0"]
[WhiteElo "2065"]
[BlackElo "2000"]

1.c4 c6 2.Nf3 d5 3.b3 Bf5 4.g3 e6 5.Bg2 Be7 6.Bb2 Bf6 7.d4 Ne7 8.O-O O-O
9.Nbd2 c5 10.cxd5 exd5 11.Re1 Nbc6 12.e4 dxe4 13.Nxe4 Bxd4 14.Nxd4 cxd4 15.Ba3 Qd7
16.Qd2 Rfd8 17.Nc5 Qc7 18.Rac1 Re8 19.Nxb7 Qxb7 20.Rxe7 Qa6 21.Bxc6 Rxe7
22.Bxe7 Rc8 23.Bf3 Re8 24.Qxd4 Qxa2 25.Bb4 Qxb3 26.Bc3 f6 27.Bd5+  1-0

[Event "JUG-ch51 (Women)"]
[Site "Belgrade"]
[Date "1998.??.??"]
[Round "5"]
[White "Zivkovic, Vesna"]
[Black "Todorovic, Olivera"]
[Result "1-0"]
[WhiteElo "2210"]
[BlackElo "2150"]

1.c4 c6 2.d4 g6 3.e3 Bg7 4.Nf3 d6 5.Nc3 Na6 6.Be2 Nc7 7.O-O Nh6 8.e4 O-O
9.Qb3 f5 10.e5 Nf7 11.exd6 exd6 12.d5 Re8 13.Re1 Na6 14.Be3 c5 15.Qc2 Qf6
16.Qd2 h6 17.Bf1 Bd7 18.h4 Kh7 19.g3 Rg8 20.Kg2 Bh8 21.Be2 Rae8 22.Rh1 Qe7
23.Rae1 h5 24.Bf4 Qf8 25.a3 Bf6 26.Ng5+ Kg7 27.Bf3 Be5 28.Ne2 Nxg5 29.Bxg5 Kh7
30.Nf4 Qf7 31.Re2 b5 32.b3 b4 33.a4 Nc7 34.Nd3 Bc3 35.Qd1 Rxe2 36.Bxe2 Re8
37.Bd2 Bxd2 38.Qxd2 Qf6 39.Nf4 Re4 40.Bf3 Re5 41.Qd1 Be8 42.Re1 Rxe1 43.Qxe1 Bf7
44.Qe2 Kg7 45.a5 Kf8 46.Qe3 Ne8 47.Nh3 Kg7 48.Ng5 Qe5 49.Qxe5+ dxe5 50.Bd1 Bg8
51.Kf3 Kf6 52.Ke3 Nd6 53.Nf3 Nb7 54.a6 Nd6 55.Ne1 e4 56.Kf4 Ne8 57.f3 e3
58.Nd3 Nc7 59.Nxc5 Bxd5 60.Kxe3 Bc6 61.Kd4 Ke7 62.Ke5 Ba8 63.g4 fxg4 64.fxg4 hxg4
65.Bxg4 Bc6 66.Be2 Be8 67.Bf3 Bf7 68.Bb7 Ne6 69.Nd3 Kd7 70.Bd5 Nd8 71.Nxb4 Bxd5
72.Nxd5 Nf7+ 73.Kf6 g5 74.hxg5  1-0

[Event "Biel"]
[Site "Biel"]
[Date "1998.??.??"]
[Round "5"]
[White "Zueger, Beat"]
[Black "Pelletier, Yannick"]
[Result "1/2-1/2"]
[WhiteElo "2445"]
[BlackElo "2515"]

1.c4 c6 2.e4 d5 3.exd5 cxd5 4.cxd5 Qxd5 5.Nc3 Qd8 6.Nf3 Nf6 7.d4 e6 8.Bd3 Be7
9.O-O O-O 10.Bg5 Nc6 11.Qe2 Nxd4 12.Nxd4 Qxd4 13.Rfd1 Qc5 14.Ne4 Nxe4 15.Qxe4 g6
16.Be3 Qb4 17.Qxb4 Bxb4 18.Bh6 Rd8 19.Be4 Rxd1+ 20.Rxd1 Ba5 21.b4 Bc7 22.g3 f6
23.Be3 Kf8 24.b5 Ke8 25.Rc1 Kd8 26.Rd1+ Ke8 27.Rc1 Kd8 28.Rd1+  1/2-1/2

[Event "Godesburg op"]
[Site "Bonn"]
[Date "1998.??.??"]
[Round "?"]
[White "Miezis, Normunds"]
[Black "Polster, Wolfgang"]
[Result "1-0"]
[WhiteElo "2505"]
[BlackElo "2230"]

1.c4 c6 2.e4 d5 3.cxd5 cxd5 4.exd5 Nf6 5.Bb5+ Nbd7 6.Nc3 g6 7.d4 Bg7 8.d6 exd6
9.Qe2+ Qe7 10.Bf4 Qxe2+ 11.Bxe2 d5 12.Nb5 Ke7 13.Nc7 Rb8 14.Bf3 Rd8 15.Nb5 Ra8
16.Bd6+ Ke6 17.Bb4 a5 18.Nc7+ Kf5 19.Be7 Re8 20.g4+ Kf4 21.Nxe8 Nxe8 22.O-O-O Ndf6
23.h3 h5 24.Rd3 hxg4 25.hxg4 Bxg4 26.Bxg4 Kxg4 27.Rf3 Ra6 28.Rh2 g5 29.Rg2+ Kh5
30.Rf5 Bh6 31.Ne2 Ne4 32.Nf4+ Kh4 33.f3 Rc6+ 34.Kd1 N4f6 35.Rxf6 Nxf6 36.Bxf6  1-0

[Event "Bratto op"]
[Site "Bratto"]
[Date "1998.??.??"]
[Round "?"]
[White "Molina, Fabrizio"]
[Black "Griffa, Roberto"]
[Result "1-0"]
[WhiteElo "2290"]
[BlackElo "2075"]

1.c4 c6 2.Nf3 d5 3.b3 Bg4 4.e3 Nd7 5.Be2 e6 6.Bb2 Ngf6 7.h3 Bxf3 8.Bxf3 Bd6
9.Nc3 Qe7 10.O-O O-O 11.d4 Rfe8 12.Rc1 Rad8 13.Qe2 dxc4 14.bxc4 e5 15.c5 Bb8
16.Qc4 e4 17.Bd1 Nf8 18.Bb3 Qc7 19.g3 Ne6 20.Kg2 Qd7 21.h4 Nc7 22.Rb1 Re7
23.a4 Qf5 24.Qe2 Ncd5 25.Ba1 Nxc3 26.Bxc3 Nd5 27.Bd2 Qg6 28.a5 a6 29.Bc4 Qe6
30.Rb2 Ba7 31.Rfb1 Qc8 32.f4 exf3+ 33.Qxf3 Nf6 34.Bd3 g6 35.Qxf6  1-0